000 00623nam a2200181 i 4500
001 25678
003 ES-MaACL
005 20230906153319.0
007 t|
008 030102m19051907sp ||||1| spa d
245 0 0 _aArchivo de historia de la filosofía /
_cpublicado por Adolfo Bonilla y San Martín.
260 _aMadrid :
_b[s.n.],
_c1905-1907 (
_fTip. de la Revista de Archivos, Bibliotecas y Museos)
300 _a2 t. en 1 v. ;
_c24 cm.
700 1 _aBonilla y San Martín, Adolfo,
_d1875-1926
_930193
852 _aES-MaACL
_jB-1992
852 _aES-MaACL
_jT-1000-F-8
_q. - Solo el I
999 _c25678
_d25678